000 00453nam a2200181Ia 4500
003 GCL
008 140319s9999 xx 000 0 eng d
040 _aGCL /
_cGCL
082 0 4 _a843
_bR D
100 1 _aRADIGUET, RAYMAND
245 1 0 _aLE DIOBLE AU CORPS /
_cRADIGUET, RAYMAND
260 _a[S.N] :
_bFOLIO ،
_c1995
300 _a187 P
490 _aCOLLECTION FOLIO
_v0
650 0 4 _aLITERATURE
650 0 4 _aFRENCH LITERATURE
942 _2ddc
_cBK
999 _c22897
_d22897